[Event "Titled Tue 3rd Jun Early"]
[Site "chess.com INT"]
[Date "2025.06.03"]
[Round "7"]
[White "Bortnyk, Olexandr"]
[Black "Scheglov, Gleb"]
[Result "1/2-1/2"]
[WhiteTitle "GM"]
[BlackTitle "FM"]
[WhiteElo "2601"]
[BlackElo "2318"]
[WhiteFideId "14120828"]
[BlackFideId "34356266"]
[EventDate "2025.06.03"]

1. d4 Nf6 2. Nc3 d5 3. Bf4 e6 4. Nb5 Na6 5. e3 Be7 6. Nf3 Nh5 7. Be5 f6 8. Bg3
O-O 9. Nd2 g6 10. Be2 Nxg3 11. hxg3 c6 12. Nc3 c5 13. Bxa6 bxa6 14. Qg4 Rf7 15.
Qf4 cxd4 16. exd4 Bd6 17. Qh6 Rb8 18. O-O-O Bd7 19. Nb3 Bf8 20. Qf4 Bb4 21. Rd3
Rb6 22. Nc5 e5 23. Qh4 g5 24. Qh5 Bf5 25. N3a4 Bxd3 26. Nxd3 e4 27. Nxb6 exd3
28. Na4 Qa5 29. b3 Ba3+ 30. Kb1 Re7 31. c3 Qxa4 32. Qf3 Qd7 33. Qxd3 Bd6 34. f3
Bc7 35. Qxa6 Bb6 36. Qd3 Qe6 37. g4 Qf7 38. Kb2 Qg6 39. Qb5 Qe8 40. Qxd5+ Kg7
41. Qf5 Re2+ 42. Kb1 Qg6 43. Rg1 Qxf5+ 44. gxf5 h5 45. a4 a5 46. Kc1 h4 47. Kb1
Kf7 48. Kc1 Ke7 49. Kb1 Kd6 50. b4 Kd5 51. Rc1 Rxg2 52. c4+ Kxd4 53. c5 Bc7 54.
b5 h3 55. b6 Bf4 56. c6 h2 57. c7 Rg1 58. c8=Q Rxc1+ 59. Qxc1 Bxc1 60. b7 h1=Q
61. b8=Q Be3+ 62. Ka2 Qg2+ 63. Kb3 Bf4 64. Qb6+ Kd3 65. Qb5+ Ke3 66. Qxa5 Kxf3
67. Qd5+ Kg3 68. Qe6 Qf3+ 69. Kc4 Be5 70. a5 Qe2+ 71. Kb4 Qb2+ 72. Kc5 Qa3+ 73.
Kb5 Qb2+ 74. Kc5 Qc3+ 75. Kb5 Qd3+ 76. Kc5 Qd4+ 77. Kb5 Qb2+ 78. Kc5 1/2-1/2

[Event "Titled Tue 3rd Jun Early"]
[Site "chess.com INT"]
[Date "2025.06.03"]
[Round "7"]
[White "Sjugirov, Sanan"]
[Black "Sklokin, Sergey"]
[Result "1/2-1/2"]
[WhiteTitle "GM"]
[BlackTitle "FM"]
[WhiteElo "2638"]
[BlackElo "2311"]
[WhiteFideId "4189302"]
[BlackFideId "55730230"]
[EventDate "2025.06.03"]

1. e4 c5 2. Nf3 e6 3. d4 cxd4 4. Nxd4 Nf6 5. Nc3 Nc6 6. Ndb5 Bb4 7. a3 Bxc3+ 8.
Nxc3 d5 9. Bd3 dxe4 10. Nxe4 Nxe4 11. Bxe4 Qxd1+ 12. Kxd1 e5 13. f3 Be6 14. Ke1
O-O-O 15. Kf2 Rhe8 16. Re1 f6 17. Be3 Kb8 18. Bxh7 Rh8 19. Be4 Rxh2 20. Rh1 Rhh8
21. Rxh8 Rxh8 22. Rd1 Rd8 23. Rxd8+ Nxd8 24. Bc5 Bd7 25. Bd6+ Kc8 26. Ke3 Ne6
27. c3 Bc6 28. Bf5 Bd7 29. g3 Ng5 30. Bg6 Ne6 31. f4 exf4+ 32. gxf4 Kd8 33. f5
Nc7 34. Bf8 Nd5+ 35. Ke4 Ne7 36. Bxg7 Nxg6 37. fxg6 Ke7 38. Bh6 Be8 39. Kf5 Bd7+
40. Kf4 Be8 41. Kf5 Bd7+ 42. Ke4 Be8 43. g7 Kf7 44. Kd5 Bc6+ 45. Kd6 a6 46. c4
Bh1 47. b4 Bg2 48. a4 Bc6 49. b5 axb5 50. axb5 Bg2 51. c5 Bh1 52. Kd7 f5 53. Kd6
f4 54. Bxf4 Kxg7 55. Be3 Kf7 56. Kd7 Be4 57. Kc7 Ke6 58. Bf2 Bf3 59. Bg1 Bg2 60.
Be3 Bf1 61. c6 bxc6 62. b6 Ba6 63. Kb8 Kd7 64. Bc5 Ke6 65. Ka7 Bc8 66. Kb8 Ba6
67. Kc7 Kd5 68. Be7 c5 69. Bf6 c4 70. Kb8 Kc6 71. Ka7 Bb7 72. Bc3 Bc8 73. Bd4
Bb7 74. Kb8 Ba6 75. Ka7 Bb7 76. Bc3 Bc8 77. Bd4 Bb7 1/2-1/2

[Event "Titled Tue 3rd Jun Early"]
[Site "chess.com INT"]
[Date "2025.06.03"]
[Round "7"]
[White "Newansa, M Esandi"]
[Black "Silva Lucena, Cristian"]
[Result "0-1"]
[WhiteTitle "WCM"]
[BlackTitle "FM"]
[WhiteElo "1947"]
[BlackElo "2257"]
[WhiteFideId "9999060"]
[BlackFideId "2232588"]
[EventDate "2025.06.03"]

1. d4 Nf6 2. Bf4 g6 3. e3 Bg7 4. Nf3 d6 5. Be2 O-O 6. O-O c5 7. c3 Be6 8. Nbd2
Qb6 9. Qc2 Nc6 10. h3 Rac8 11. dxc5 Qxc5 12. Nb3 Qb6 13. Nbd4 Bd7 14. Nb5 Bf5
15. Qa4 a6 16. Nbd4 Bd7 17. Nxc6 bxc6 18. Qa3 a5 19. Bh2 Rb8 20. b3 Ne4 21. Rac1
Nxc3 22. Bd3 Nb5 23. Qa4 c5 24. Qc4 Nc7 25. Nd2 Bb5 26. Qc2 Bxd3 27. Qxd3 Qb5
28. Nc4 a4 29. Rb1 axb3 30. Rxb3 Qa6 31. Qc2 Nd5 32. Nd2 Nb4 33. Qb1 Nc6 34. Rc1
Rfc8 35. Nc4 Ra8 36. Nb6 Rab8 37. Nxc8 Rxc8 38. Rb6 Qa4 39. Rc2 Ra8 40. Bf4 Nb4
41. Re2 h6 42. e4 Qa5 43. Rb7 Qa6 44. Rxb4 Qxe2 45. Rb7 Bf6 46. Bxh6 Qxa2 47.
Rb8+ Kh7 48. Be3 Qxb1+ 49. Rxb1 Ra4 50. f3 Kg7 51. Kf2 e6 52. Ke2 Rc4 53. Kd3
Ra4 54. Bd2 Ra3+ 55. Ke2 Ra2 56. Kd3 d5 57. exd5 exd5 58. Rd1 c4+ 59. Ke3 d4+
60. Ke2 c3 61. Kd3 cxd2 62. g3 g5 63. f4 gxf4 64. gxf4 Kg6 65. Rg1+ Kf5 66. Rd1
Ra3+ 67. Kxd2 Rxh3 68. Re1 Kxf4 69. Rf1+ Ke5 70. Re1+ Kd5 71. Rf1 Bg5+ 72. Kc2
f6 73. Rf5+ Kc4 74. Ra5 Rh2+ 75. Kd1 Kd3 76. Ra3+ Ke4 77. Ke1 d3 78. Ra4+ Ke3
79. Ra3 Rh1# 0-1

[Event "Titled Tue 3rd Jun Early"]
[Site "chess.com INT"]
[Date "2025.06.03"]
[Round "7"]
[White "Khazhatuly, Alikhan"]
[Black "Molina, Roberto Junio Brito"]
[Result "0-1"]
[WhiteTitle "CM"]
[BlackTitle "IM"]
[WhiteElo "2196"]
[BlackElo "2381"]
[WhiteFideId "13731335"]
[BlackFideId "2109450"]
[EventDate "2025.06.03"]

1. e4 c6 2. d4 d5 3. Nd2 dxe4 4. Nxe4 Nd7 5. Bd3 Ngf6 6. Nxf6+ Nxf6 7. c3 Qd5 8.
Qf3 Bg4 9. Qxd5 Nxd5 10. f3 Bh5 11. Ne2 Bg6 12. Bxg6 hxg6 13. Nf4 e6 14. Nxd5
cxd5 15. Bf4 Kd7 16. Kd2 Bd6 17. Bxd6 Kxd6 18. h3 g5 19. Rac1 f6 20. b3 b5 21.
Rhe1 Rac8 22. Re3 e5 23. Rce1 Rce8 24. Kd3 Re7 25. Ra1 Rb8 26. Rc1 Rb6 27. Re2
Rc6 28. Rcc2 Rec7 29. Re1 a5 30. Rec1 Rc8 31. Rh1 Rh8 32. Re1 Re8 33. Ree2 Re7
34. Re3 Ra7 35. Rce2 Rac7 36. Kd2 Re7 37. Kd3 Ra6 38. Rc2 a4 39. b4 Rc6 40. a3
Rc4 41. Ree2 Rec7 42. Red2 Ke6 43. Re2 Kf5 44. g3 Ke6 45. Red2 Rc8 46. Re2 Kd6
47. Rf2 Rh8 48. Rh2 Ke6 49. Rce2 Rhc8 50. Rc2 Rh8 51. Rce2 Kf5 52. Rc2 Rc7 53.
Rcf2 Rhc8 54. Rc2 Rh8 55. Rcf2 Re7 56. Rf1 Ke6 57. Rc1 Kd6 58. Re1 Rh6 59. Ree2
Re8 60. Re1 Re6 61. Ree2 Re7 62. Re1 Re8 63. Ree2 Reh8 64. h4 gxh4 65. dxe5+
fxe5 66. g4 Rf6 67. Rh3 g5 68. Re3 Rhf8 69. Ke2 Rf4 70. Rh1 e4 71. fxe4 dxe4 72.
Rh2 Ke5 73. Ke1 Rf3 74. Kd2 Rf2+ 75. Rxf2 Rxf2+ 76. Re2 Rxe2+ 77. Kxe2 h3 78.
Kf2 Kf4 79. c4 e3+ 80. Kg1 e2 81. c5 e1=Q+ 82. Kh2 0-1

[Event "Titled Tue 3rd Jun Early"]
[Site "chess.com INT"]
[Date "2025.06.03"]
[Round "7"]
[White "Rahman, Masruri"]
[Black "Vafin, Ayrat"]
[Result "1-0"]
[WhiteTitle "FM"]
[BlackTitle "FM"]
[WhiteElo "2407"]
[BlackElo "2302"]
[WhiteFideId "7101163"]
[BlackFideId "4146530"]
[EventDate "2025.06.03"]

1. d4 d5 2. Bf4 Nf6 3. e3 c5 4. Nc3 e6 5. Nb5 Na6 6. Nf3 Be7 7. h3 O-O 8. c3 Bd7
9. Ne5 Bxb5 10. Bxb5 Nc7 11. Bd3 Nce8 12. O-O Nd7 13. Rc1 Nxe5 14. Bxe5 Bd6 15.
Bxd6 Qxd6 16. dxc5 Qxc5 17. c4 Nf6 18. Qb3 Qb6 19. Qxb6 axb6 20. a3 Rac8 21.
cxd5 Nxd5 22. Be4 Rfd8 23. Rxc8 Rxc8 24. Rd1 Kf8 25. Bxd5 exd5 26. Rxd5 Ke7 27.
Rb5 Rc6 28. Kf1 Kd7 29. Ke2 Rc2+ 30. Kf3 Kc6 31. Rb3 Kc5 32. a4 Rc4 33. Rb5+ Kc6
34. b3 Rc2 35. Rb4 f6 36. Re4 Kd6 37. Rd4+ Kc6 38. b4 Rb2 39. b5+ Kc5 40. Rd7
Ra2 41. Rxb7 Rxa4 42. Rxg7 Kxb5 43. Rxh7 Ra2 44. Rf7 Kc4 45. Rxf6 b5 46. h4 b4
47. g4 b3 48. Rb6 Ra5 49. g5 Rb5 50. Rc6+ Rc5 51. Rd6 Rd5 52. Rb6 Rb5 53. Rxb5
Kxb5 54. g6 b2 55. g7 b1=Q 56. g8=Q Qh1+ 57. Qg2 Qxh4 58. Qg4 Qf6+ 59. Qf4 Qc6+
60. Kg4 Qg2+ 61. Qg3 Qe4+ 62. f4 Qg6+ 63. Kf3 Qc6+ 64. e4 Qc3+ 65. Kg4 Qd2 66.
f5 Qe2+ 67. Qf3 Qe1 68. Kf4 Qd2+ 69. Ke5 Qh2+ 70. Ke6 Kc6 71. Qc3+ Kb7 72. Qb4+
Kc6 73. Qc4+ Kb6 74. Qd4+ Kc6 75. Qd7+ Kc5 76. Qd5+ Kb4 77. Qd6+ Qxd6+ 78. Kxd6 1-0

[Event "Titled Tue 3rd Jun Early"]
[Site "chess.com INT"]
[Date "2025.06.03"]
[Round "7"]
[White "Kononenko, Dmitry2"]
[Black "Hernandez Izquierdo, Jose A."]
[Result "0-1"]
[WhiteTitle "FM"]
[BlackTitle "IM"]
[WhiteElo "2205"]
[BlackElo "2223"]
[WhiteFideId "14113538"]
[BlackFideId "3527263"]
[EventDate "2025.06.03"]

1. e4 c5 2. Nf3 e6 3. d4 cxd4 4. Nxd4 a6 5. c4 Nf6 6. Nc3 Qc7 7. Be2 Bb4 8. Qd3
Nc6 9. Nxc6 dxc6 10. O-O e5 11. Bg5 Be7 12. Rad1 Be6 13. Kh1 O-O 14. f3 b5 15.
cxb5 axb5 16. a3 Qb6 17. Be3 Bc5 18. Bxc5 Qxc5 19. Qd6 Qxd6 20. Rxd6 Rfc8 21.
Rfd1 Ne8 22. R6d2 Kf8 23. Kg1 Ke7 24. Kf2 Rd8 25. Ke3 Rxd2 26. Rxd2 Rd8 27. Rxd8
Kxd8 28. b4 Nd6 29. g3 Kc7 30. f4 f6 31. h4 Bc4 32. Bd1 Kb6 33. Ba4 bxa4 34.
Nxa4+ Kc7 35. Nc5 Nb7 36. Na4 h5 37. Nb2 Bb3 38. Nd3 Kd6 39. Nf2 Bc2 40. Kd2 Bb1
41. Kc1 Ba2 42. Kb2 Bc4 43. Kc3 Bf1 44. a4 c5 45. b5 Na5 46. fxe5+ Kxe5 47. g4
Be2 48. gxh5 Kf4 49. Kd2 Bc4 50. Kc3 Bf1 51. b6 Ba6 52. Kc2 Nb7 53. Kc3 Nd6 54.
Kc2 Nxe4 55. Nd3+ Ke3 56. Nb2 Nd6 57. a5 Kd4 58. Nd1 Nb7 59. Nf2 Nxa5 60. h6
gxh6 61. Ng4 f5 62. Nxh6 Bd3+ 63. Kd1 c4 64. h5 c3 65. b7 Nxb7 66. Nf7 Nc5 67.
Nd6 c2+ 68. Kd2 Nb3+ 69. Ke1 c1=Q+ 70. Kf2 Qf4+ 71. Kg2 Qxd6 72. h6 Qxh6 73. Kf3
Qe3+ 74. Kg2 Be4+ 75. Kf1 Nd2# 0-1

[Event "Titled Tue 3rd Jun Early"]
[Site "chess.com INT"]
[Date "2025.06.03"]
[Round "7"]
[White "Nakonechnyi, Oleksii"]
[Black "Sheehan, Ethan"]
[Result "0-1"]
[WhiteTitle "CM"]
[WhiteElo "2224"]
[BlackElo "2380"]
[WhiteFideId "34173714"]
[BlackFideId "30943965"]
[EventDate "2025.06.03"]

1. e4 c5 2. Nf3 d6 3. c3 Nf6 4. h3 Nc6 5. Bd3 e5 6. Bc2 Be7 7. d4 O-O 8. O-O b6
9. dxe5 Nxe5 10. Nxe5 dxe5 11. Bg5 Bb7 12. Nd2 Ne8 13. Bxe7 Qxe7 14. Nc4 Rd8 15.
Qe2 Ba6 16. Bd3 Bxc4 17. Bxc4 Nf6 18. Rad1 Rxd1 19. Rxd1 Rd8 20. Rxd8+ Qxd8 21.
g3 g6 22. Kg2 Kg7 23. Qe3 Qd1 24. Qg5 Qd6 25. Qe3 h6 26. a4 Qd1 27. b3 Qc2 28.
Bd5 Qd1 29. Bc4 Ne8 30. Bd5 Nd6 31. a5 Qc2 32. b4 cxb4 33. axb6 axb6 34. cxb4
Qc7 35. Qd3 Qe7 36. Qa6 Qc7 37. Qd3 Ne8 38. Bb3 Qd6 39. Qc4 Qc7 40. Qb5 Nf6 41.
Bd5 Qd6 42. Bc6 Qd4 43. Bb7 Nxe4 44. Bxe4 Qxe4+ 45. Kg1 Qd4 46. Kg2 e4 47. Qa4
e3 48. fxe3 Qxe3 49. Qb5 h5 50. Qc4 Qe5 51. b5 Qf6 52. Qc6 Qe6 53. Qc3+ Kg8 54.
Qc6 Kf8 55. Qa8+ Ke7 56. Qb7+ Kf6 57. Qf3+ Ke5 58. Qe3+ Kd5 59. Qc3 Qe4+ 60. Kh2
Qe2+ 61. Kg1 Qxb5 62. Qf6 Qb1+ 63. Kg2 Qc2+ 64. Kg1 Qd1+ 65. Kg2 Qd2+ 66. Kh1
Qe1+ 67. Kg2 Qe2+ 68. Kg1 Qe6 69. Qc3 Kd6 70. Qd4+ Ke7 71. Qb4+ Qd6 72. Qe4+ Kf8
73. Kh2 Kg7 74. Qb7 Qd4 75. g4 hxg4 76. hxg4 Qb2+ 77. Kh3 b5 78. g5 b4 79. Qb6
Qc3+ 80. Kg4 b3 81. Kh4 b2 82. Kg4 Qc4+ 83. Kg3 Qc3+ 84. Kg4 Qe5 85. Qb4 Qf5+
86. Kh4 b1=Q 87. Qd4+ Kh7 88. Qe3 Qh1+ 89. Kg3 Qhh3# 0-1

[Event "Titled Tue 3rd Jun Early"]
[Site "chess.com INT"]
[Date "2025.06.03"]
[Round "7"]
[White "Chiang, Jacob"]
[Black "Daspres, Loic"]
[Result "0-1"]
[BlackTitle "CM"]
[WhiteElo "2006"]
[BlackElo "2207"]
[WhiteFideId "30962331"]
[BlackFideId "20612281"]
[EventDate "2025.06.03"]

1. Nf3 g6 2. g3 Bg7 3. Bg2 d6 4. O-O Nf6 5. d4 O-O 6. c4 Nc6 7. b3 e5 8. Bb2
exd4 9. Nxd4 Nxd4 10. Bxd4 Re8 11. Nc3 Qe7 12. e4 Be6 13. Nd5 Bxd5 14. exd5 Nd7
15. Bxg7 Kxg7 16. Qd4+ Qf6 17. Rad1 Qxd4 18. Rxd4 Re2 19. a3 Rae8 20. b4 Ra2 21.
Rd3 Ree2 22. Rc3 Rac2 23. Rc1 Rxc1+ 24. Rxc1 Ra2 25. Rc3 Ra1+ 26. Bf1 b6 27. f4
h5 28. Kf2 Ra2+ 29. Be2 f5 30. Re3 Kf7 31. Kf3 Nf6 32. c5 Rc2 33. cxd6 cxd6 34.
Re6 Rc3+ 35. Kg2 Ne4 36. Bf3 Rc2+ 37. Kg1 Rc1+ 38. Kg2 Rc2+ 39. Kh3 Nd2 40. Bg2
Nc4 41. a4 a5 42. bxa5 bxa5 43. Bf1 Nd2 44. Bb5 Nf3 45. Be8+ Kf8 46. g4 hxg4+
47. Kg3 Nd4 48. Re1 Rc3+ 49. Kf2 Rf3+ 50. Kg2 Rxf4 51. Bxg6 Nf3 52. Re6 Ne5 53.
Rxd6 Kg7 54. Be8 Rd4 55. Bb5 Nd3 56. Ra6 Rxd5 57. Rxa5 Kf6 58. Ra8 Rd4 59. Re8
Nf4+ 60. Kf2 Ne6 61. a5 Rb4 62. Bd7 Ng5 63. a6 Rb2+ 64. Ke3 Ra2 65. Bb5 Ra3+ 66.
Kd4 Ne6+ 67. Kc4 Nc7 68. Rh8 Nxb5 69. Kxb5 f4 70. Kb6 f3 71. a7 Kg7 72. Rh5 Rb3+
73. Rb5 Ra3 74. Ra5 Rxa5 75. Kxa5 f2 76. a8=Q f1=Q 77. Qb7+ Kg6 78. Qe4+ Qf5+
79. Qxf5+ Kxf5 80. Kb4 Kf4 81. Kc4 Kf3 82. h3 gxh3 83. Kd4 h2 84. Ke5 h1=Q 85.
Kd4 Qg2 86. Ke5 Qg3+ 87. Kd4 Qg4+ 88. Kc5 Qf4 89. Kd5 Qe4+ 90. Kc5 Qd3 91. Kc6
Qd4 92. Kb5 Qc3 93. Ka4 Qb2 94. Ka5 Kg4 95. Ka6 Kh5 0-1

[Event "Titled Tue 3rd Jun Early"]
[Site "chess.com INT"]
[Date "2025.06.03"]
[Round "7"]
[White "Huseynova, Lala"]
[Black "Tyukhanov, Alexey"]
[Result "1/2-1/2"]
[WhiteTitle "WFM"]
[BlackTitle "CM"]
[WhiteElo "2123"]
[BlackElo "2218"]
[WhiteFideId "13431781"]
[BlackFideId "24149829"]
[EventDate "2025.06.03"]

1. Nf3 c6 2. d4 Nf6 3. c4 d6 4. Nc3 Qc7 5. e4 Nbd7 6. Bd3 g6 7. O-O Bg7 8. h3
O-O 9. Be3 e5 10. Qd2 exd4 11. Bxd4 Re8 12. Rfe1 Ne5 13. Nxe5 dxe5 14. Be3 Be6
15. b3 Nh5 16. Be2 Nf4 17. Rac1 Red8 18. Qc2 Rd7 19. Bf1 Rad8 20. Red1 Qa5 21.
Na4 Bf8 22. Rxd7 Rxd7 23. Rd1 b6 24. Rxd7 Bxd7 25. Qd1 Be6 26. g3 Nh5 27. Qd8
Qe1 28. Bd2 Qxe4 29. Nc3 Qd4 30. Qxd4 exd4 31. Ne4 c5 32. g4 Ng7 33. Nf6+ Kh8
34. Bf4 Be7 35. Be5 Bxf6 36. Bxf6 Kg8 37. Kg2 Bd7 38. Kf3 Bc6+ 39. Ke2 Ne6 40.
Be5 a6 41. Bb8 b5 42. f3 bxc4 43. bxc4 Kf8 44. Kf2 Ke7 45. Bd3 Kd7 46. Be5 Ba4
47. h4 Bd1 48. h5 Ng5 49. f4 Ne6 50. f5 gxf5 51. gxf5 Ng5 52. f6 Bxh5 53. Bf4
Ne6 54. Be5 Bg6 55. Be2 Ng5 56. Bg4+ Ne6 57. Ke2 h5 58. Bh3 Bb1 59. a3 Ba2 60.
Kd2 Bb1 61. Kc1 Ba2 62. Bf1 h4 63. Kb2 h3 64. Kxa2 h2 65. Bg2 Ng5 66. Bh1 Ke6
67. Bxh2 Kxf6 68. Bd5 Ne6 69. Kb3 Kf5 70. Bxe6+ fxe6 71. Kc2 e5 72. Kd2 e4 73.
Bd6 e3+ 74. Ke1 Ke4 75. Bxc5 d3 76. Bb4 Kd4 77. c5 Kd5 78. a4 a5 79. Bxa5 Kxc5
80. Kd1 Kc4 81. Bb6 Kb4 82. a5 e2+ 83. Kd2 Kb5 84. Ke1 Ka6 85. Kd2 Kb7 86. Ke1
Ka8 87. Be3 Kb8 88. Bd2 Kb7 89. Kf2 Ka6 90. Ke3 Kb7 91. Kd4 Ka6 92. Kc5 Kb7 93.
Kb5 e1=Q 94. Bxe1 Ka8 95. Bd2 Kb8 96. Kb6 Ka8 97. a6 Kb8 98. Bf4+ Ka8 99. Bd2
Kb8 100. a7+ Ka8 101. Be3 d2 102. Bxd2 1/2-1/2

[Event "Titled Tue 3rd Jun Early"]
[Site "chess.com INT"]
[Date "2025.06.03"]
[Round "7"]
[White "Reprintsev, Alexander"]
[Black "Andrade, Ivan"]
[Result "1-0"]
[WhiteTitle "IM"]
[BlackTitle "FM"]
[WhiteElo "2256"]
[BlackElo "2161"]
[WhiteFideId "14100541"]
[BlackFideId "14800039"]
[EventDate "2025.06.03"]

1. e4 c5 2. b3 Nc6 3. Bb2 d5 4. exd5 Qxd5 5. Nc3 Qd8 6. Bb5 Bd7 7. Qf3 a6 8.
Bxc6 Bxc6 9. Qg3 Qd6 10. Nf3 Qxg3 11. hxg3 f6 12. d4 cxd4 13. Nxd4 Bxg2 14. Rh2
e5 15. Ne6 Kf7 16. Nxf8 Bc6 17. Nxh7 Ne7 18. O-O-O Kg6 19. f4 e4 20. Rdh1 e3 21.
Re1 Rxh7 22. Rxh7 Kxh7 23. Rxe3 Nf5 24. Rd3 Re8 25. Kd2 Re7 26. g4 Nh6 27. Rh3
Kg6 28. g5 fxg5 29. fxg5 Nf5 30. Ne2 Kxg5 31. Rh8 Rd7+ 32. Ke1 Kg4 33. Bc3 g5
34. Kf2 Rf7 35. Ke1 Ne3 36. Kd2 Nd5 37. Be5 Rf2 38. Bb8 Nf4 39. Bxf4 Rxf4 40.
Nxf4 Kxf4 41. Ke2 g4 42. Rf8+ Ke5 43. Kf2 Kd4 44. Rf4+ Kc3 45. Rc4+ Kb2 46. a4
Bf3 47. a5 Ka3 48. Kg3 Kb2 49. b4 Ka3 50. c3 Kb3 51. Rc5 Ka4 52. Kf2 Kb3 53. Ke3
Ka4 54. Kd4 g3 55. Rg5 g2 56. Kc5 Kb3 57. c4 Ka4 58. Rg3 Be4 59. Kd4 Bc6 60. Kc3
Be4 61. Rg5 Bf3 62. c5 Bc6 63. Kc4 Bb5+ 64. Kd4 Bc6 65. Kc3 Be4 66. Rg4 Bc6 67.
Rg3 Kb5 68. Kb3 Bd5+ 69. Ka3 Bc6 70. Rg6 Bd5 71. Rg5 Bc6 72. Kb3 Be4 73. Kc3 Bc6
74. Rg4 Ka4 75. Rg7 Ka3 76. Rg6 Ka2 77. Rg5 Kb1 78. Kd4 Kc1 79. Ke3 Kc2 80. b5
axb5 81. Kf2 Kb3 82. Rg6 Bd5 83. Rd6 Kc4 84. c6 Bxc6 85. Rxc6+ bxc6 86. a6 b4
87. a7 b3 88. a8=Q Kc3 89. Qxc6+ Kb2 90. Qb5 Ka2 91. Qa4+ Kb2 92. Kxg2 Kc3 93.
Qc6+ Kd2 94. Qb5 Kc2 95. Qc4+ Kb2 96. Kf2 Ka2 97. Ke2 Ka1 98. Qa6+ Kb1 99. Kd2
b2 100. Kc3 Kc1 101. Qf1# 1-0

[Event "Titled Tue 3rd Jun Early"]
[Site "chess.com INT"]
[Date "2025.06.03"]
[Round "7"]
[White "Zhigalko, Sergei"]
[Black "Bok, Benjamin"]
[Result "1-0"]
[WhiteTitle "GM"]
[BlackTitle "GM"]
[WhiteElo "2572"]
[BlackElo "2591"]
[WhiteFideId "13502956"]
[BlackFideId "1017063"]
[EventDate "2025.06.03"]

1. e4 c5 2. Nf3 d6 3. Bb5+ Nd7 4. O-O a6 5. Bd3 Ngf6 6. Re1 g6 7. c3 Bg7 8. Bc2
b5 9. d4 cxd4 10. cxd4 Bb7 11. Nc3 O-O 12. Bg5 Nb6 13. Bd3 Rc8 14. Rc1 b4 15.
Nb1 Rxc1 16. Qxc1 Qa8 17. Nbd2 Rc8 18. Qb1 h6 19. Bh4 g5 20. Bg3 Nh5 21. Nf1 g4
22. Nh4 Nxg3 23. Nxg3 e6 24. Qd1 Bxd4 25. Qxg4+ Kf8 26. Qf4 Qb8 27. Qxh6+ Ke8
28. Nhf5 Bxb2 29. Qg5 exf5 30. Nxf5 Kd7 31. Qe7+ Kc6 32. e5 dxe5 33. Be4+ Kb5
34. Nd6+ Ka4 35. Nxb7 Qc7 36. Qf6 Qc3 37. Rf1 Kb5 38. Nd6+ Ka5 39. Nxc8 Nxc8 40.
Qxf7 Nd6 41. Qd5+ Nb5 42. Bd3 Bc1 43. Bxb5 axb5 44. Qb3 Bd2 45. g3 e4 46. Rd1 e3
47. fxe3 Bxe3+ 48. Kf1 Qf6+ 49. Ke2 Qf2+ 50. Kd3 Bc5 51. Rd2 Qe3+ 52. Kc2 Qe4+
53. Qd3 Qe6 54. Kb1 Qe1+ 55. Rd1 Qe6 56. Qb3 Qf5+ 57. Qc2 Qg5 58. h4 Qe5 59. g4
Bd4 60. g5 Bc3 61. Rc1 Qg3 62. a3 Qxh4 63. Qb3 Bd4 64. Qxb4+ Ka6 65. Qd6+ Bb6
66. Qb4 Qxg5 67. Rc2 Qf5 68. Kb2 Qe5+ 69. Ka2 Qd5+ 70. Qb3 Qe4 71. Rb2 Qc6 72.
Qd3 Qe6+ 73. Kb1 Qe1+ 74. Ka2 Qe6+ 75. Rb3 Qc6 76. a4 Qg2+ 77. Rb2 Qg8+ 78. Kb1
Qg1+ 79. Ka2 Qg8+ 80. Ka1 Qg1+ 81. Rb1 Qd4+ 82. Qxd4 Bxd4+ 83. Ka2 bxa4 84. Rb4
Bc5 85. Rxa4+ Kb7 86. Rg4 Bb6 87. Kb3 Bc7 88. Kc4 Ka8 89. Rg6 Kb7 90. Kb5 Ka8
91. Rg7 Bb8 92. Kb6 Be5 93. Rf7 Bd4+ 94. Kc6 Be5 95. Rd7 Bf4 96. Rd3 Be5 97. Rb3
Bf4 98. Rf3 Be5 99. Ra3+ Kb8 100. Re3 Bf4 101. Rb3+ Ka8 102. Rb4 Be5 103. Re4
Bg3 104. Ra4+ Kb8 105. Kb6 Bf2+ 106. Kc6 Bg3 107. Ra5 Bf4 108. Rf5 Bg3 109. Rf1
Be5 110. Rf3 Bh2 111. Rb3+ Ka8 112. Rh3 Bf4 113. Kb6 Be5 114. Rd3 Bf4 115. Rd8+
Bb8 116. Rd7 Be5 117. Rd5 Bf4 118. Ra5+ Kb8 119. Kc6 Bc7 120. Rb5+ Kc8 121. Rb3
Bf4 122. Rf3 Bg5 123. Rf8+ Bd8 124. Rg8 1-0

[Event "Titled Tue 3rd Jun Early"]
[Site "chess.com INT"]
[Date "2025.06.03"]
[Round "8"]
[White "Sethuraman, Roshan"]
[Black "Marynychenko, Yehor"]
[Result "0-1"]
[BlackTitle "CM"]
[WhiteElo "2074"]
[BlackElo "2183"]
[WhiteFideId "30965250"]
[BlackFideId "34160558"]
[EventDate "2025.06.03"]

1. e4 c5 2. Nf3 Nc6 3. d4 cxd4 4. Nxd4 Nf6 5. Nc3 e6 6. Ndb5 Bb4 7. Bf4 Nxe4 8.
Qf3 d5 9. Nc7+ Kf8 10. Nxa8 e5 11. Bd2 Nxd2 12. Kxd2 d4 13. Ke1 dxc3 14. bxc3
Nd4 15. Qd3 Bf5 16. Qc4 Nxc2+ 17. Ke2 Nxa1 18. Qxb4+ Kg8 19. Ke3 Nc2+ 0-1

[Event "Titled Tue 3rd Jun Early"]
[Site "chess.com INT"]
[Date "2025.06.03"]
[Round "8"]
[White "Radchenko, Alexey"]
[Black "Burmakin, Evgeniy"]
[Result "0-1"]
[WhiteTitle "FM"]
[BlackTitle "FM"]
[WhiteElo "2293"]
[BlackElo "2110"]
[WhiteFideId "4192362"]
[BlackFideId "4163729"]
[EventDate "2025.06.03"]

1. d4 Nf6 2. Nf3 g6 3. c4 Bg7 4. Nc3 O-O 5. e4 d6 6. Bd3 Bg4 7. h3 Bxf3 8. Qxf3
Nc6 9. Be3 Nd7 10. Ne2 Nde5 11. dxe5 Nxe5 12. Qg3 Nxd3+ 13. Kf1 Nxb2 14. Bd4
Bxd4 15. Nxd4 Nxc4 16. Rc1 Nd2+ 17. Kg1 Nxe4 18. Qg5 Nxg5 0-1

[Event "Titled Tue 3rd Jun Early"]
[Site "chess.com INT"]
[Date "2025.06.03"]
[Round "8"]
[White "Sickmann, Lisa"]
[Black "Saiz Rodriguez, Daniel Evelio"]
[Result "0-1"]
[WhiteTitle "WFM"]
[BlackTitle "FM"]
[WhiteElo "1970"]
[BlackElo "2187"]
[WhiteFideId "16267818"]
[BlackFideId "3523420"]
[EventDate "2025.06.03"]

1. d4 d5 2. c4 e6 3. Nc3 Nf6 4. cxd5 Nxd5 5. Bg5 Qxg5 6. Nf3 Qd8 7. e4 Nxc3 8.
bxc3 c5 9. Bb5+ Bd7 10. Bc4 cxd4 11. cxd4 Bb4+ 12. Nd2 Qa5 13. a3 Bc3 14. Ra2
Nc6 15. O-O Nxd4 16. Nb3 Nxb3 17. Bxb3 Bb5 18. Qh5 Bxf1 0-1

[Event "Titled Tue 3rd Jun Early"]
[Site "chess.com INT"]
[Date "2025.06.03"]
[Round "8"]
[White "Lau, Lut Yin Luke"]
[Black "Laddha, Yash Jayesh"]
[Result "1-0"]
[WhiteTitle "CM"]
[BlackTitle "CM"]
[WhiteElo "2243"]
[BlackElo "2053"]
[WhiteFideId "6002226"]
[BlackFideId "30942780"]
[EventDate "2025.06.03"]

1. b3 e5 2. Bb2 Nc6 3. e3 Nf6 4. Nf3 d6 5. Bb5 Be6 6. d4 exd4 7. Nxd4 Bd7 8. O-O
Nxd4 9. Bxd7+ Qxd7 10. Qxd4 Be7 11. c4 O-O 12. Nc3 Rae8 13. Nd5 c6 14. Nxe7+
Qxe7 15. Rfd1 d5 16. cxd5 cxd5 17. Qxa7 Ne4 18. Rxd5 Qe6 19. Qd4 1-0

[Event "Titled Tue 3rd Jun Early"]
[Site "chess.com INT"]
[Date "2025.06.03"]
[Round "8"]
[White "Silva, Pedro Gil Ferreira Da"]
[Black "Ersoz, Teoman Guney"]
[Result "0-1"]
[WhiteTitle "FM"]
[BlackTitle "CM"]
[WhiteElo "2262"]
[BlackElo "2090"]
[WhiteFideId "1946102"]
[BlackFideId "44537050"]
[EventDate "2025.06.03"]

1. e4 c5 2. Nc3 e6 3. f4 d5 4. Nf3 Nc6 5. Bb5 Nf6 6. Qe2 a6 7. Bxc6+ bxc6 8. d3
Be7 9. O-O a5 10. f5 exf5 11. exf5 O-O 12. Ne5 Bd6 13. Bf4 Qc7 14. Rae1 Re8 15.
Qe3 d4 16. Qg3 Nh5 17. Qg4 Nxf4 18. Rxf4 Bxe5 19. Ne4 Bd7 20. f6 Bxg4 21. Rxg4
g6 0-1

[Event "Titled Tue 3rd Jun Early"]
[Site "chess.com INT"]
[Date "2025.06.03"]
[Round "8"]
[White "Huseynova, Dinara"]
[Black "Jovic, Stanoje"]
[Result "1/2-1/2"]
[WhiteTitle "WCM"]
[BlackTitle "FM"]
[WhiteElo "1822"]
[BlackElo "2096"]
[WhiteFideId "13437313"]
[BlackFideId "905020"]
[EventDate "2025.06.03"]

1. d4 Nf6 2. Nf3 e6 3. e3 c5 4. Bd3 d5 5. b3 Nc6 6. Nbd2 Be7 7. Bb2 O-O 8. a3 a6
9. O-O b5 10. dxc5 Bxc5 11. b4 Bd6 12. e4 Qc7 13. Bxf6 gxf6 14. exd5 exd5 15. h3
Ne5 16. Nxe5 fxe5 17. Bxh7+ Kxh7 18. Qh5+ Kg7 19. Qg5+ Kh7 20. Qh5+ Kg7 21. Qg5+
Kh7 22. Qh5+ 1/2-1/2